| Tag |
First Indicator |
Second Indicator |
Subfields |
| LEADER |
00000cam a22000008i 4500 |
| 001 |
in00004635208 |
| 006 |
m o d |
| 007 |
cr ||||||||||| |
| 008 |
200609s2020 mnua ob 001 0 eng |
| 005 |
20230103223420.1 |
| 010 |
|
|
|a 2020020379
|
| 035 |
|
|
|a (OCoLC)on1158504057
|
| 040 |
|
|
|a DLC
|b eng
|e rda
|e pn
|c DLC
|d OCLCO
|d OCLCF
|d YDX
|d JSTOR
|d EBLCP
|d N$T
|d P@U
|d OCLCQ
|d UWK
|d OCLCQ
|d OCLCO
|d OCLCQ
|d VT2
|d CNTRU
|
| 019 |
|
|
|a 1201225049
|a 1253405650
|
| 020 |
|
|
|a 9781452964461
|q (ebook)
|
| 020 |
|
|
|a 1452964467
|q (ebook)
|
| 020 |
|
|
|a 9781452964454
|q (electronic bk.)
|
| 020 |
|
|
|a 1452964459
|q (electronic bk.)
|
| 020 |
|
|
|z 9780816679997
|q (library binding)
|
| 020 |
|
|
|z 9780816680009
|q (paperback)
|
| 020 |
|
|
|a 0816679991
|
| 020 |
|
|
|a 0816680000
|
| 020 |
|
|
|a 9780816679997
|
| 020 |
|
|
|a 9780816680009
|
| 035 |
|
|
|a (OCoLC)1158504057
|z (OCoLC)1201225049
|z (OCoLC)1253405650
|
| 037 |
|
|
|a 22573/ctv1827vt2
|b JSTOR
|
| 042 |
|
|
|a pcc
|
| 050 |
0 |
0 |
|a BF175.5.A35
|
| 072 |
|
7 |
|a PSY
|x 013000
|2 bisacsh
|
| 072 |
|
7 |
|a PSY
|x 023000
|2 bisacsh
|
| 072 |
|
7 |
|a SOC
|x 026040
|2 bisacsh
|
| 082 |
0 |
0 |
|a 152.4
|2 23
|
| 049 |
|
|
|a TXAM
|
| 100 |
1 |
|
|a Frank, Adam J.,
|e author.
|
| 245 |
1 |
2 |
|a A Silvan Tomkins handbook :
|b foundations for affect theory /
|c Adam J. Frank, Elizabeth A. Wilson.
|
| 263 |
|
|
|a 2008
|
| 264 |
|
1 |
|a Minneapolis :
|b University of Minnesota Press,
|c 2020.
|
| 300 |
|
|
|a 1 online resource (ix, 203 pages) :
|b illustrations
|
| 336 |
|
|
|a text
|b txt
|2 rdacontent
|
| 337 |
|
|
|a computer
|b c
|2 rdamedia
|
| 338 |
|
|
|a online resource
|b cr
|2 rdacarrier
|
| 504 |
|
|
|a Includes bibliographical references and index.
|
| 520 |
|
|
|a "An accessible guide to the work of American psychologist and affect theorist Silvan Tomkins"--
|c Provided by publisher
|
| 588 |
0 |
|
|a Print version record and CIP data provided by publisher; resource not viewed.
|
| 505 |
0 |
|
|a I. New Arabian nights. -- II. Treaure Island. -- III. More new Arabian nights: The dynamiter, written in collaboration with Mrs. Stevenson. The story of a lie. -- IV. Prince Otto. Island nights' entertainments. Father Damien. -- V. Kidnapped. -- VI. David Balfour: a sequel to Kidnapped. -- VII. The merry men and other tales and fables. The strange case of Dr. Jekyll and Mr. Hyde. -- VIII. The black arrow. The misadventures of John Nicholson. The body-snatcher. -- IX. The master of Ballantrae. -- X. The wrecker, written in collaboration with L. Osbourne. -- XI. The wrong box, written in collaboration with L. Osbourne. The ebb tide, written in collaboration with L. Osbourne. -- XII. An inland voyage. Travels with a donkey. Edinburgh, picturesque notes. -- XIII. Virginibus puerisque and other papers. Memories and portraits. -- XIV. Familiar studies of men and books. Miscellaneous papers. -- XV. The amateur emigrant. Across the plains. The Silverado squatters. -- XVI. A child's garden of verses. Underwoods. Ballads. -- XVII. Vailima letters: correspondence addressed to Sidney Colvin. -- XVIII. Memoir of Fleming Jenkin. Records of a family of engineers. -- XIX. In the South seas. A foot-note to history. -- XX. Wier of Hermiston. The plays of W. E. Henley and R. L. Stevenson. Fables. -- XXI. St. Ives: being the adventures of a French prisoner in England. -- XXII. Sketches. Criticisms, etc. -- XXIII-XXIV. Letters to his family and friends, selected and ed. ... by S. Colvin. -- XXV-XXVI. The life of Robert Louis Stevenson, by Graham Balfour. -- XXVII. New letters, selected and ed. by S. Colvin.
|
| 600 |
1 |
0 |
|a Tomkins, Silvan S.
|q (Silvan Solomon),
|d 1911-1991.
|
| 600 |
1 |
7 |
|a Tomkins, Silvan S.
|q (Silvan Solomon),
|d 1911-1991
|2 fast
|0 (OCoLC)fst00174143
|
| 650 |
|
0 |
|a Affect (Psychology)
|
| 650 |
|
0 |
|a Consciousness.
|
| 650 |
|
0 |
|a Personality.
|
| 650 |
|
2 |
|a Consciousness
|
| 650 |
|
2 |
|a Personality
|
| 650 |
|
6 |
|a Conscience.
|
| 650 |
|
6 |
|a Personnalité.
|
| 650 |
|
7 |
|a PSYCHOLOGY
|x Emotions.
|2 bisacsh
|
| 650 |
|
7 |
|a Affect (Psychology)
|2 fast
|0 (OCoLC)fst00798853
|
| 650 |
|
7 |
|a Consciousness
|2 fast
|0 (OCoLC)fst00875441
|
| 650 |
|
7 |
|a Personality
|2 fast
|0 (OCoLC)fst01058667
|
| 655 |
|
7 |
|a Electronic books.
|2 local
|
| 700 |
1 |
|
|a Wilson, Elizabeth A.,
|e author.
|
| 710 |
2 |
|
|a JSTOR (Organization)
|
| 776 |
0 |
8 |
|i Print version:
|a Frank, Adam J.
|t Silvan Tomkins handbook.
|d Minneapolis, MN : University of Minnesota Press, [2020]
|z 9780816679997
|w (DLC) 2020020378
|w (OCoLC)1154097829
|
| 856 |
4 |
0 |
|u https://www.jstor.org/stable/10.5749/j.ctv182jthz
|z Connect to the full text of this electronic book
|t 0
|
| 955 |
|
|
|a JSTOR Open Access ebooks
|
| 994 |
|
|
|a 92
|b TXA
|
| 999 |
f |
f |
|s 8193563a-db1e-4125-97da-3bf21f6d2c36
|i 529d17c9-c58e-44a0-b4f4-fb83a69c7b25
|t 0
|
| 952 |
f |
f |
|a Texas A&M University
|b College Station
|c Electronic Resources
|d Available Online
|t 0
|e BF175.5.A35
|h Library of Congress classification
|
| 998 |
f |
f |
|a BF175.5.A35
|t 0
|l Available Online
|